000 00434nam a2200157Ia 4500
008 210210b2005 xxu||||| |||| 00| 0 eng d
020 _a81 8281 038 8
082 _a321.80954 BADI
100 _aBADI (Ravindranath V).
245 _aIndian constitution.
260 _aNew Delhi
_bVrinda Publications Private Limited
_c2005
300 _axv,292
650 _aIndian Constitution
690 _aIndian Constitution
906 _a061472
999 _c108606
_d108606